00366nam a2200121Ia 4500001000800000005001700008008004100025020001800066245003100084260002000115999002100135952008800156126663220260417145118.0260417s9999 xx 000 0 und d a9789752118362 0aBir Tek ŞeycGary Keller bAltın Kitaplar c1266632d1266632 00104070a1110b1110d2026-04-17l0p1110264r2026-04-17 14:51:18w2026-04-17yBK